000 00486nam a2200157 4500
001 110291
003 ES-MaACL
005 20230906185023.0
007 t|
008 061121s1961 sp r ||||1| spa d
100 1 _aMolina, Antonio de.
_981877
245 1 0 _aInstrucciones sacerdotales
_b: tratados primero y segundo /
_cAntonio de Molina, cartujo.
260 _aSalamanca :
_b[s. n.],
_c1961 (
_fImp. Calatrava)
300 _a375 p. ;
_c18 cm.
852 _aES-MaACL
_jC-20945
_bR.49554
999 _c110291
_d110291